| 000 | 00611nam a2200205Ia 4500 | ||
|---|---|---|---|
| 003 | GCL | ||
| 008 | 140319s9999 xx 000 0 ara d | ||
| 020 | _a84007317977 | ||
| 040 |
_aGCL / _cGCL |
||
| 082 | 0 | 4 |
_a811.092 _bف و |
| 100 | 1 | _aفاروق جويدة | |
| 245 | 1 | 0 |
_aالوزير العاشق : _bمسرحية شعرية / _cفاروق جويدة |
| 250 | _aالاولى | ||
| 300 |
_a157 ص ؛ _c19 سم |
||
| 650 | 0 | 4 | _aالمسرحيات |
| 650 | 0 | 4 | _aالشعر التمثيلى |
| 650 | 0 | 4 | _aالمسرحيات العربية |
| 650 | 0 | 4 | _aالمسرحيات الشعرية |
| 942 |
_2ddc _cBK |
||
| 999 |
_c4928 _d4928 |
||